Entry Personal Name
Number of records used in: 122
001 - CONTROL NUMBER
- control field: 2472
003 - CONTROL NUMBER IDENTIFIER
- control field: AM-YEHGA
005 - DATE AND TIME OF LATEST TRANSACTION
- control field: 20250617070436.0
008 - FIXED-LENGTH DATA ELEMENTS
- fixed length control field: 051206 a|ac|n|aab||||||||||||a |n|||||||
040 ## - CATALOGING SOURCE
- Original cataloging agency: AM-YEHGA
100 1# - HEADING--PERSONAL NAME
- Personal name: ՈՒմառյան, Սերգեյ Հովհաննեսի,
- Dates associated with a name: 1920-1995
400 1# - SEE FROM TRACING--PERSONAL NAME
- Personal name: Ումառյան, Սերգեյ,
- Dates associated with a name: 1920-1995
400 1# - SEE FROM TRACING--PERSONAL NAME
- Personal name: ՈՒմառյան, Սերգեյ,
- Dates associated with a name: 1920-1995
400 1# - SEE FROM TRACING--PERSONAL NAME
- Personal name: Ումառյան, Ս.Հ.
- Fuller form of name: (Սերգեյ Հովհաննեսի),
- Dates associated with a name: 1920-1995
400 1# - SEE FROM TRACING--PERSONAL NAME
- Personal name: ՈՒմառյան, Ս.
- Fuller form of name: (Սերգեյ),
- Dates associated with a name: 1920-1995
400 1# - SEE FROM TRACING--PERSONAL NAME
- Personal name: Ումառյան, Ս.
- Fuller form of name: (Սերգեյ),
- Dates associated with a name: 1920-1995
400 1# - SEE FROM TRACING--PERSONAL NAME
- Personal name: Умарян, Сергей Оганесович,
- Dates associated with a name: 1920-1995
400 1# - SEE FROM TRACING--PERSONAL NAME
- Personal name: Umaryan, Sergey Hovhannesi,
- Dates associated with a name: 1920-1995
670 ## - SOURCE DATA FOUND
- Source citation: Գրական տեղեկատու, 1986 :
- Information found: Ումառյան Սերգեյ (Սերգեյ Հովհաննեսի Հարությունյան) [21.5.1920, գ. Լեռնաձոր (այժմ՝ ՀՀ Սյունիքի մարզում)], արձակագիր, թարգմանիչ: ՍՍՀՄ գրողների միության անդամ (1964): Գրական անուն է ընտրել տոհմական Ումառյան ազգանունը)
670 ## - SOURCE DATA FOUND
- Source citation: Հովակիմյան Բ.Մ. Հայոց ծածկանունների բառարան, 2005 :
- Information found: էջ 749 (Ումառյա (Հարությունյան) Սերգեյ Հովհաննեսի (1920-1995, Երևան))
670 ## - SOURCE DATA FOUND
- Source citation: Ռուսա : Պատմավեպ, 1988 :
- Information found: տիտղթ. (Սերգեյ Հովհաննեսի Ումառյան)
670 ## - SOURCE DATA FOUND
- Source citation: Զալ և Ռուդաբե : Շահնամեից, 1964 :
- Information found: տիտղթ. (թարգմ.՝ Սերգեյ Ումառյան)
670 ## - SOURCE DATA FOUND
- Source citation: Քառյակներ, բանաստեղծություններ / Խաքանի, 1965 :
- Information found: տիտղթ. (թարգմ. Սերգեյ ՈՒմառյան)
670 ## - SOURCE DATA FOUND
- Source citation: Տաջիկական քնար, 1973 :
- Information found: տիտղթ. (տեքստը պատրաստեց՝ Ս.Հ. Ումառյան)
670 ## - SOURCE DATA FOUND
- Source citation: Լիրիկա / Հայֆեզ, 1957 :
- Information found: տիտղթ. (վերջաբանը, ծանոթ. և տեքստի պատր. Ս. ՈՒմառյանի)
670 ## - SOURCE DATA FOUND
- Source citation: Ջուդիթ : Վեպ, 1965 :
- Information found: տիտղթ. (խմբ.՝ Ս. Ումառյան)
ՀՀ Գիտությունների ազգային ակադեմիայի հիմնարար գիտական գրադարան = Fundamental Scientific Library of NAS RA
All site content, except where otherwise noted, is licensed under a